MARC details
| 000 -LEADER |
| fixed length control field |
02515cam a22002174a 4500 |
| 005 - ΗΜΕΡΟΜΗΝΙΑ ΚΑΙ ΩΡΑ ΤΕΛΕΥΤΑΙΑΣ ΕΝΗΜΕΡΩΣΗΣ |
| Πεδίο ελέγχου |
20250605164001.0 |
| 008 - FIXED-LENGTH DATA ELEMENTS--GENERAL INFORMATION |
| Πεδίο ελέγχου σταθερού μήκους |
250528s ||||||||||||||||||||||||d |
| 035 ## - SYSTEM CONTROL NUMBER |
| System control number |
15619 |
| 020 ## - ISBN |
| ISBN |
324009550 |
| 040 ## - ΠΗΓΗ ΚΑΤΑΛΟΓΟΓΡΑΦΗΣΗΣ |
| Φορέας πρωτότυπης καταλογογράφησης |
MC Athens Campus Library |
| Γλώσσα καταλογογράφησης |
Ελληνικά, Μοντέρνα (1453-) |
| Modifying agency |
MC Athens Campus Library |
| Κανόνες περιγραφικής καταλογογράφησης |
AACR2 |
| 245 1# - ΤΙΤΛΟΣ ΚΑΙ ΔΗΛΩΣΗ ΥΠΕΥΘΥΝΟΤΗΤΑΣ |
| Τίτλος |
International Financial Management / Sixth Edition |
| 250 ## - EDITION STATEMENT |
| Edition statement |
6th |
| 260 ## - PUBLICATION, DISTRIBUTION, ETC. |
| Name of publisher, distributor, etc. |
South-Western Publishing Co, |
| Date of publication, distribution, etc. |
2000 |
| 300 ## - PHYSICAL DESCRIPTION |
| Extent |
664 |
| 505 0# - FORMATTED CONTENTS NOTE |
| Formatted contents note |
The International Financial Environment, Multinational Financial Management: An Overview, International Flow of Funds, International Financial Markets, Exchange Rate Determination, Currency Derivatives, Exchange Rate Behaviour, Government Influence on Exchange Rates, International Arbitrage and Interest Rate Parity, Relationships Between Iflation and Interest Rates, Relationships Between Inflation and Interest Rates and Exchange Rates, Exchange Rate Risk Management, Forecasting Exchange Rates, Measuring Exposure to Exchange Rate Fluctuations, Managing Transaction Exposure, Managing Economic Exposure and Translation Exposure, Long-Term Asset and Liability Management, Direct Foreign Innvestment, Multinational Capital Budgeting, Multinational Restructuring, Country Risk Analysis, Multinational Cost of Capital and Capital Structure, Long-Term Financing, Short-Term Asset and Liability Management, Financing International Trade, Short-Term Financing, International Cash Management, Index. |
| 520 ## - SUMMARY, ETC. |
| Summary, etc. |
The International Financial Environment, Multinational Financial Management: An Overview, International Flow of Funds, International Financial Markets, Exchange Rate Determination, Currency Derivatives, Exchange Rate Behaviour, Government Influence on Exchange Rates, International Arbitrage and Interest Rate Parity, Relationships Between Iflation and Interest Rates, Relationships Between Inflation and Interest Rates and Exchange Rates, Exchange Rate Risk Management, Forecasting Exchange Rates, Measuring Exposure to Exchange Rate Fluctuations, Managing Transaction Exposure, Managing Economic Exposure and Translation Exposure, Long-Term Asset and Liability Management, Direct Foreign Innvestment, Multinational Capital Budgeting, Multinational Restructuring, Country Risk Analysis, Multinational Cost of Capital and Capital Structure, Long-Term Financing, Short-Term Asset and Liability Management, Financing International Trade, Short-Term Financing, International Cash Management, Index. |
| 700 1# - ΠΡΟΣΘΕΤΗ ΑΝΑΓΡΑΦΗ--ΦΥΣΙΚΟ ΠΡΟΣΩΠΟ |
| Personal name |
Madura Jeff |
| 9 (RLIN) |
1583 |
| 942 ## - ADDED ENTRY ELEMENTS (KOHA) |
| Koha item type |
Books |